Vybrané aspekty hodnotenia a kontroly profesijnej mobility v rozvoji kariéry

Empirický výskum zameraný na preferencie a názory jednotlivcov na kariéru a ich očakávania v kariére. Analýza podmienok a kritérií pre kariérne vzostupy v odbornej a manažérskej kariére a faktorov ovplyvňujúcich externú profesijnú mobilitu.

Saved in:
Bibliographic Details
Main Author: Matulčíková, Marta, 1964-
Format: Book Chapter
Language:Slovak
Subjects:
Tags: Add Tag
No Tags, Be the first to tag this record!

MARC

LEADER 00000naa$a2200000$$$4500
001 0260281
005 20240502074122.7
041 0 |a slo 
044 |a SK 
245 1 0 |a Vybrané aspekty hodnotenia a kontroly profesijnej mobility v rozvoji kariéry  |c Marta Matulčíková 
520 |a Empirický výskum zameraný na preferencie a názory jednotlivcov na kariéru a ich očakávania v kariére. Analýza podmienok a kritérií pre kariérne vzostupy v odbornej a manažérskej kariére a faktorov ovplyvňujúcich externú profesijnú mobilitu. 
610 2 0 |a postupy pracovné 
610 2 0 |a rozvoj pracovníkov 
610 2 0 |a kontrola 
610 2 0 |a kariéra 
610 2 0 |a sily pracovné 
100 1 |a Matulčíková, Marta, 1964-